| 000 -LEADER |
| fixed length control field |
03682nam a2200301 4500 |
| 001 - CONTROL NUMBER |
| control field |
22692 |
| 003 - CONTROL NUMBER IDENTIFIER |
| control field |
BD-DhUAP |
| 005 - DATE AND TIME OF LATEST TRANSACTION |
| control field |
20250624110618.0 |
| 008 - FIXED-LENGTH DATA ELEMENTS--GENERAL INFORMATION |
| fixed length control field |
191011t20192019nyua e 001 0 eng d |
| 020 ## - INTERNATIONAL STANDARD BOOK NUMBER |
| International Standard Book Number |
9780241363188 |
| 040 ## - CATALOGING SOURCE |
| Original cataloging agency |
YDX |
| Language of cataloging |
eng |
| Transcribing agency |
BD-DhUAP |
| Description conventions |
BD-DhUAP |
| Modifying agency |
BD-DhUAP |
| 082 00 - DEWEY DECIMAL CLASSIFICATION NUMBER |
| Classification number |
109.2 PHI |
| Edition number |
23 |
| 245 00 - TITLE STATEMENT |
| Title |
How philosophy works : |
| Remainder of title |
the concepts visually explained / |
| Statement of responsibility, etc. |
consultant editor Marcus Weeks. |
| 250 ## - EDITION STATEMENT |
| Edition statement |
First American edition. |
| 264 #1 - PRODUCTION, PUBLICATION, DISTRIBUTION, MANUFACTURE, AND COPYRIGHT NOTICE |
| Place of production, publication, distribution, manufacture |
New York, NY : |
| Name of producer, publisher, distributor, manufacturer |
DK Publishing, |
| Date of production, publication, distribution, manufacture, or copyright notice |
2019. |
| 264 #4 - PRODUCTION, PUBLICATION, DISTRIBUTION, MANUFACTURE, AND COPYRIGHT NOTICE |
| Date of production, publication, distribution, manufacture, or copyright notice |
©2019 |
| 300 ## - PHYSICAL DESCRIPTION |
| Extent |
255 pages : |
| Other physical details |
color illustrations ; |
| Dimensions |
25 cm |
| 504 ## - BIBLIOGRAPHY, ETC. NOTE |
| Bibliography, etc. note |
Includes index. |
| 505 0# - FORMATTED CONTENTS NOTE |
| Formatted contents note |
Foundations. The source of everything ; Cosmic origins ; Sacred geometry ; All is flux ; All is one ; Zeno's paradoxes ; Elements and forces ; Immortal seeds ; Atomic theory ; Examining ideas ; Platonic realms ; Plato's allegory of the cave ; One world only ; Form is function ; An earth-centered cosmos ; Purposes in nature ; Scholastic philosophy ; Transubstantiation ; Occam's razor ; The scientific revolution ; Doubting the world ; Mind and body ; The body as machine ; the one substance ; The blank slate ; An infinity of minds ; Facts and ideas ; Shaping the world with the mind ; Kinds of truth ; Reality as a process ; The end of history ; Class conflict in history ; Useful truths ; The value of truth ; Ideas as tools -- Analytic philosophy. What does a word mean? ; Russell's theory of descriptions ; Picturing the world ; Meaning and observation ; Dispensing with metaphysics ; A private language is impossible ; Wittgenstein's language-games ; Science and falsification ; The nature of scientific truth ; Words as actions ; Scientific revolutions ; Points of view ; Feminist epistemology -- Continental philosophy. Objects in the mind ; Phenomenology ; Time consciousness ; What is it like to be human? ; Life before death ; Freedom and identity ; The "other" ; Gender identity ; The lived body ; Critical theory ; Power plays ; Deconstruction ; Feminist postmodernism -- Philosophy of mind. Dualism ; The limits of language ; Behaviorism ; The mind-brain identity theory ; Eliminative materialism ; Functionalism ; Biological naturalism ; Panpsychism ; The nature of the body -- Right and wrong. Rules and principles ; Ethics and the law ; Free will? ; Do we have moral knowledge? ; Does moral truth exist? ; The fact-value distinction ; Aristotle's virtue ethics ; Humean ethics ; Deontology ; Utilitarianism ; Existentialist ethics ; Animal rights ; Euthanasia ; Cloning -- Political philosophy. Who should rule? ; Justifying absolute rule ; Government by the people ; Popular sovereignty ; How are property rights justified? ; Consent and obligation ; What rights should people enjoy? ; Kinds of liberty ; Should rights be limited? ; How should we manage change? ; To work is human nature ; Making more objective political decisions ; Perspectivism and politics ; A just war? ; Woman and patriarchy -- Logic. Rationality ; Recognizing arguments ; Analyzing arguments ; Evaluating arguments ; Deductive arguments ; Inductive arguments ; Fallacies ; Formal logic. |
| 520 ## - SUMMARY, ETC. |
| Summary, etc. |
Demystifying the key ideas of the world's greatest philosophers, and exploring all of the most important branches of thought, including philosophy of science, philosophy of religion, and feminist philosophy in a uniquely visual way, this resource is the perfect introduction to the subject. |
| 650 #0 - SUBJECT ADDED ENTRY--TOPICAL TERM |
| Topical term or geographic name entry element |
Philosophy |
| Form subdivision |
Miscellanea. |
| 650 #0 - SUBJECT ADDED ENTRY--TOPICAL TERM |
| Topical term or geographic name entry element |
Philosophy |
| General subdivision |
History. |
| 650 #0 - SUBJECT ADDED ENTRY--TOPICAL TERM |
| Topical term or geographic name entry element |
Philosophy |
| Form subdivision |
Pictorial works. |
| 650 #7 - SUBJECT ADDED ENTRY--TOPICAL TERM |
| Topical term or geographic name entry element |
Philosophy. |
| Source of heading or term |
fast |
| Authority record control number or standard number |
(OCoLC)fst01060777 |
| 650 #7 - SUBJECT ADDED ENTRY--TOPICAL TERM |
| Topical term or geographic name entry element |
Philosophy. |
| Source of heading or term |
sears |
| 700 1# - ADDED ENTRY--PERSONAL NAME |
| Personal name |
Weeks, Marcus, |
| Relator term |
editor. |
| 942 ## - ADDED ENTRY ELEMENTS (KOHA) |
| Source of classification or shelving scheme |
|
| Koha item type |
Book |